000
00293nam a22001097a 4500
082
_a
665 GOO'H
100
_a
GOODGER, E. M
_9
76040
245
_a
HYDROCARBON FUELS PRODUCTION PROPERTIES AND PERFORMANCE OF LIQUIDS AND GASES
260
_a
LONDON
_b
MACMILLAN
_c
1975
300
_a
270P
942
_c
BK
999
_c
581551
_d
581551